|
|
|
|
| LEADER |
00000cam a2200000 a 4500 |
| 001 |
vtls008267446 |
| 003 |
SK-MaSNL |
| 005 |
20260302074108.0 |
| 008 |
240315s2001 xr f 001 0dcze |
| 020 |
|
|
|a 8072610384
|q (brož.)
|
| 035 |
|
|
|a SVKPOKN078925
|
| 040 |
|
|
|a SNK
|b slo
|c SNK
|e AACR2
|
| 041 |
0 |
|
|a cze
|
| 044 |
|
|
|a xr
|c CZ
|
| 072 |
|
7 |
|a 316
|x Sociológia
|2 konspekt
|
| 080 |
|
|
|a 316.001.5
|2 2001
|
| 080 |
|
|
|a 303
|2 2001
|
| 080 |
|
|
|a (035)
|2 2001
|
| 100 |
1 |
|
|a Surynek, Alois,
|d 1954-
|4 aut
|9 716596
|
| 245 |
1 |
0 |
|a Základy sociologického výzkumu
|c Alois Surynek, Růžena Komárková, Eva Kašparová
|
| 250 |
|
|
|a 1. vyd.
|
| 260 |
|
|
|a Praha
|b Management Press
|c 2001
|
| 300 |
|
|
|a 160 s.
|c 24 cm
|
| 650 |
0 |
7 |
|a sociologický výskum
|2 SNKPH
|9 1011
|
| 650 |
0 |
7 |
|a Sociology
|x research
|2 SNKPH
|9 657891
|
| 655 |
|
7 |
|a príručky
|2 SNKPH
|9 74364
|
| 655 |
|
7 |
|a Handbooks, manuals, etc.
|2 SNKPHeng
|9 90964
|
| 700 |
1 |
|
|a Komárková, Růžena,
|d 1944-
|4 aut
|9 87647
|
| 700 |
1 |
|
|a Kašparová, Eva,
|d 1958-
|4 aut
|9 739301
|
| 919 |
|
|
|a 80-7261-038-4
|
| 999 |
|
|
|c 1163690
|d 1165620
|
| 952 |
|
|
|t snkSUR 316
|a SNKUST
|b SNKUST
|y PREZ
|7 0
|p 17A0296187
|o snkIC 140080
|i snk2012/6915
|8 5
|0 0
|1 0
|4 0
|d 2012-03-28
|l 0
|r 2025-04-29 00:00:00
|w 2026-02-24
|